000 00975nam a2200277Ia 4500
003 OSt
005 20220923211214.0
006 a|||||r|||| 00| 0
007 ta
008 220922b |||||||| |||| 00| 0 hin d
020 _a9788126317813 (hkb)
_c130
024 _a250,580
037 _b0/00922-D5, 08/03/2011, Bharatiya Gyanpith
_cTextual
040 _aARTS
_cARTS
_bhin
041 _2hin
_ahin
082 _aO152,3N251x, J7;P9
100 _aमोहन राकेश
245 0 _aनये बादल
246 _aNaye bādala
260 _aनयी दिल्ली
_b भारतीय ज्ञानपीठ
_c2009
300 _a140पृ.
_ccm.
490 _aलोकोदय ग्रन्थमाला; 50
650 _aहिन्दी साहित्य
_9156264
942 _hO152,3N251x, J7;P9
_cTEXL
_2CC
999 _c296835
_d296835